Đi tìm chân lý nghệ thuật Tiểu luận , Phê bình

Salvato in:
Dettagli Bibliografici
Autore principale: Hà Minh Đức
Natura: Libro
Lingua:Vietnamese
Pubblicazione: H. Nxb. Văn học 1998
Tags: Aggiungi Tag
Nessun Tag, puoi essere il primo ad aggiungerne! !
Thư viện lưu trữ: Mạng thư viện Đại học Đà Nẵng
LEADER 00910nam a2200277 4500
001 000014502
003 10869
005 20120504160546.0
008 120504s1998 viesd
020 |c 30000 
041 0 |a vie 
082 |a 895.92209  |b HA-Đ 
100 0 |a Hà Minh Đức 
245 0 |a Đi tìm chân lý nghệ thuật  |b Tiểu luận , Phê bình  |c Hà Minh Đức 
260 |a H.  |b Nxb. Văn học  |c 1998 
300 |a 587 tr.  |c 21cm 
OWN |a LSP 
AVA |a UDN50  |b LSP  |d 895.92209 HA-Đ  |e available  |t Error 5001 Not defined in file expand_doc_bib_avail.  |f 1  |g 0  |h N  |i 0  |k 1 
999 |a From the UDN01 
AVA |a UDN50  |b LSP  |d 895.92209 HA-Đ  |e available  |t Error 5001 Not defined in file expand_doc_bib_avail.  |f 1  |g 0  |h N  |i 0  |k 1 
TYP |a Monograph 
TYP |a Printed language 
980 |a Mạng thư viện Đại học Đà Nẵng